000 004590000a22001690004500
003 MACL
005 20151229121238.0
008 151229b xxu||||| |||| 00| 0 eng d
040 _aMACL
_cMACL
041 _aEnglish
082 _a100/LON
100 _aLong, George
_923626
245 _aThe Discourses of Epictetus with The Encheiridion and Fragment
260 _bG Bell & Sons Ltd
_c1912
_aLondon
650 _aPhilosophy
_923627
942 _cBK
_k100/LON
_2ddc
999 _c39286
_d39286